Gaming Quiz

Random Gaming or Video Games Quiz

Mario Games... Minus Mario Quiz Stats

 Plays Quiz not verified by Sporcle

Score 0/20 Timer 06:00
0 Plays Today
% Correct
Luigi's Mansion
91.2%
Super Smash Bros. Brawl
79.9%
Donkey Kong
79.3%
Dr. Luigi
79.3%
WarioWare Inc.: Mega Party Game$!
74.1%
Mike Tyson's Punch-Out!!
73.1%
Yoshi's New Island
70.2%
NES Open Tournament Golf
65.9%
Super Princess Peach
63.7%
Captain Toad: Treasure Tracker
60.6%
% Correct
Yoshi's Story
60%
Yoshi's Woolly World
52%
Wario Land: Shake It!
51.3%
Nintendo Land
46.6%
Wario World
45.4%
Wrecking Crew
45.4%
NES Remix
37.4%
Fortune Street
35.3%
Wario's Woods
35.3%
Game & Watch Gallery 2
23.2%

You're not logged in!

Compare scores with friends on all Sporcle quizzes.
OR
Log In

Sporcle TV

Today on Sporcle TV


Watch our educational content, quiz creation guides, and fun videos on Sporcle TV.

Show Comments

Extras

Top Quizzes Today


Score Distribution

Your Account Isn't Verified!

In order to create a playlist on Sporcle, you need to verify the email address you used during registration. Go to your Sporcle Settings to finish the process.

Report this User

Report this user for behavior that violates our Community Guidelines.

Details: